00884 2200325 4500001002100000005001500021035002500036008004100061020002200102040001700124082001600141090002100157100002400178245006600202250001100268260003300279300003100312504002800343650002000371700002100391850001200412084001800424041000800442990001800450990001800468990001800486990001800504990001800522990001800540INLIS00000000000494520190726105708 a0010-051500000000078150505s2013 yoi g ind d a978-602-9434-98-9 aYOPDYOGbind04223a155.455 aTb155.455 Fah M0 aFahmi Fasaepenulis10aMembesarkan anak berbakat /cpenulis Fahmi Fasa; Editor, Qoni aCet. 13 aYogyakarta :bFamilia,c2013 aviii, 80 hlm. ;c; 20,5 cm aBibliografi: hlm. 73-74 4aAnak luar biasa0 aQoniepenyunting aYOPDYOG a155.455 FAH m0 aind a16562-PD/B.15 a16563-PD/B.15 a16564-PD/B.15 a16565-PD/B.15 a16566-PD/B.15 a16567-PD/B.15